| 000 | 00594cam a22002411 4500 | ||
|---|---|---|---|
| 001 | 6988334 | ||
| 005 | 20180221035750.0 | ||
| 008 | 740618s1955 xx 000 0 eng | ||
| 010 | _a 55009714 | ||
| 015 | _aGB55-12605 | ||
| 035 | _a(OCoLC)921804 | ||
| 040 |
_aDLC _cTxU-Da _dUk _dDLC |
||
| 041 | _aeng | ||
| 042 | _apremarc | ||
| 080 | _a621.38 HER | ||
| 082 | _a621.38 HER | ||
| 100 | 1 | _a30 | |
| 101 | _aCOM | ||
| 245 | 1 | 0 | _aPrinciples of communication systems. |
| 740 | 0 | _aCommunication systems. | |
| 906 |
_a7 _bcbc _coclcrpl _du _encip _f19 _gy-gencatlg |
||
| 942 |
_2ddc _cBK |
||
| 999 |
_c43002 _d43002 |
||